Normal view
MARC view
- Foley, C
Entry Personal Name
001 - CONTROL NUMBER
- control field: 8973
003 - CONTROL NUMBER IDENTIFIER
- control field: NUST
005 - DATE AND TIME OF LATEST TRANSACTION
- control field: 20180118185752.0
008 - FIXED-LENGTH DATA ELEMENTS
- fixed length control field: 180118|| aca||aabn | a|a d
040 ## - CATALOGING SOURCE
- Original cataloging agency: NUST
- Transcribing agency: NUST
100 ## - HEADING--PERSONAL NAME
- Personal name: Foley, C
670 ## - SOURCE DATA FOUND
- Source citation: Work cat.: (NUST)243388: Foley, C, commando Extraordinary (Sent to A.D.I.E)
